000 00629nam a2200265Ia 4500
005 20260121172910.0
008 008 260114s9999 xx 000 0 eng d
020 _a9789811681745
037 _aEBOOK
040 _aCRL
040 _beng
040 _cCRL
041 _2eng
041 _aeng
084 _qCRL
100 _aLi Cui, Xiaolan Xie
_91094132
245 0 _aWireless Sensor Networks
260 _bSpringer
260 _bSpringer
260 _c2021
856 _uhttps://link.springer.com/openurl?genre=book&isbn=978-981-16-8174-5
942 _cEBOOK
999 _c1659874
_d1659874